[Event "Fifth Annual Fall Festival"]
[Site "Dearborn"]
[Date "2015.11.01"]
[Round "4"]
[White "West, Tony"]
[Black "Ouyang, Nathan"]
[Result "1-0"]
[WhiteElo "1916"]
[BlackElo "1766"]
[PlyCount "93"]
[EventDate "2015.??.??"]

1. d4 d5 2. c4 e6 3. Nf3 Nf6 4. g3 b6 5. Bg2 Bb7 6. Ne5 c5 7. Nc3 Nbd7 8. Qa4 {I had used up 45 minutes for the first 8 moves. My young opponent had used up about 5 minutes.} a6 9. e3 Bd6 10. Nd3 Qc7 11. dxc5 bxc5 12. cxd5 exd5 13. O-O O-O 14. Rd1 Nb6 15. Qc2 (15. Qh4) 15... Rac8 (15... d4 $1) 16. Ne2 Rfe8 17. Ndf4 Bxf4 $2 18. Nxf4 Ba8 19. b3 c4 20. Bh3 Rcd8 21. Bb2 Qc6 22. Qf5 c3 23. Rac1 Ne4 {better was 23...g6, followed by 24...d4} 24. Bg2 cxb2 $6 {A good try, but Black doesn't get enough material in return for the Queen} 25. Rxc6 Bxc6 26. Rb1 (26. Bxe4 $2 dxe4 27. Rb1 Rd2) 26... Bd7 27. Qh5 g6 28. Qe2 {I decided to give up an extra Exchange for the dangerous pawn on b2. Perhaps Qh6 is better, though.} Nc3 29. Qxb2 Nxb1 30. Qxb1 Bf5 31. Qb2 Rc8 32. Nxd5 Nxd5 33. Bxd5 Rc2 34. Qf6 Rf8 $2 {Now the win is easy} (34... Be6 $1) 35. Kg2 (35. h4 $1) 35... Rd2 36. e4 Bd7 37. h4 Bg4 38. Qf4 Rxa2 39. Qxg4 Kg7 40. h5 f5 41. Qg5 Re2 42. Qe7+ Kh6 43. Qxf8+ Kxh5 44. exf5 Kg5 45. fxg6 hxg6 46. Qf4+ Kh5 47. Bf3# 1-0

[Event "Fifth Annual Fall Festival"]
[Site "Dearborn"]
[Date "2015.11.01"]
[Round "5"]
[White "Narayanan, Akash"]
[Black "West, Tony"]
[Result "1/2-1/2"]
[WhiteElo "1788"]
[BlackElo "1916"]
[PlyCount "49"]
[EventDate "2015.??.??"]

1. d4 f5 2. c4 e6 3. Nc3 Nf6 4. Nf3 d5 5. e3 c6 6. Be2 Bd6 7. Qc2 O-O 8. O-O Ne4 9. Rb1 a5 10. a3 Nd7 11. b4 Ndf6 (11... axb4 12. axb4 dxc4 13. Bxc4 Nb6 {was a better way to go}) 12. c5 Bc7 13. b5 Nxc3 14. Qxc3 Ne4 15. Qc2 Rf6 16. Bd2 $2 Rh6 17. bxc6 $4 bxc6 $2 (17... Bxh2+ $1 18. Kh1 bxc6 {and white is in deep trouble}) 18. g3 g5 19. Kg2 g4 20. Ne5 Qe8 (20... Bxe5 21. dxe5 Qc7 {was better, I think. I was lookng for more}) 21. Rh1 Qh5 22. Kg1 Qh3 {Here I couldn't find the win and decided to bail out into a draw. The computer showed me the win.} (22... Ba6 {I wanted to play this but was worried about giving up the 7th rank.} 23. Bxa6 Rxa6 24. Rb7 Bxe5 25. dxe5 Ra8 {I missed just going back with the Rook} 26. Qb2 Qe8 27. Qc2 Qc8 28. Rb6 Qc7) 23. Bf1 Qh5 24. Be2 Qh3 25. Bf1 1/2-1/2

[Event "April 1992 USCF Rated MIniSwiss"]
[Site "Port Huron"]
[Date "1992.04.01"]
[Round "1"]
[White "Rutkofske, Lonnie"]
[Black "Jones, G.Avery"]
[Result "1-0"]
[WhiteElo "2007"]
[BlackElo "1344"]
[PlyCount "66"]
[EventDate "1992.04.01"]
[EventType "swiss"]
[EventRounds "3"]

1. g3 e5 2. Bg2 Nf6 3. c4 Bc5 4. e3 O-O 5. a3 c6 6. b4 Be7 7. Bb2 e4 8. Nc3 d5 9. Nge2 Bg4 10. h3 Be6 11. c5 Nbd7 12. Nf4 Ne5 13. Nxe4 Nd3+ 14. Nxd3 Nxe4 15. Nf4 Qd7 16. O-O Bg5 17. Kh2 Bf6 18. Bxf6 Nxf6 19. d3 Rfe8 20. Nxe6 Qxe6 21. Qd2 Qe5 22. Rae1 Re7 23. a4 Rae8 24. d4 Qg5 25. Qd3 Qh5 26. Kg1 Re6 27. b5 Ne4 28. bxc6 bxc6 29. Bxe4 dxe4 30. Qe2 Qxh3 31. f4 Rg6 32. Qh2 Rxg3+ 33. Kh1 Qg4 1-0

[Event "2016 PHCC Championships"]
[Site "Port Huron"]
[Date "2016.01.07"]
[Round "1"]
[White "Boucher, David"]
[Black "Gregg, Alan"]
[Result "0-1"]
[WhiteElo "1306"]
[BlackElo "1981"]
[PlyCount "58"]
[EventDate "2016.01.07"]
[EventType "tourn"]
[EventRounds "9"]

1. e4 c5 2. d4 cxd4 3. c3 dxc3 4. Nxc3 e6 5. Nf3 a6 6. Bd3 d6 7. O-O Be7 8. Be3 Nf6 9. h3 O-O 10. Rc1 Nbd7 11. Qe2 b5 12. b4 Bb7 13. Rc2 d5 14. e5 Ne4 15. a3 Nxc3 16. Rxc3 Rc8 17. Rxc8 Qxc8 18. Bxh7+ Kxh7 19. Ng5+ Bxg5 20. Bxg5 Kg8 21. Rc1 Qb8 22. Be7 Rc8 23. Rxc8+ Qxc8 24. Bd6 Qc4 25. Qe3 d4 26. Qg5 Qc8 27. Be7 d3 28. Bf6 Qf8 29. Be7 d2 0-1

[Event "1992 PHCC Championships"]
[Site "Port Huron"]
[Date "1992.02.20"]
[Round "2"]
[White "Rutkofske, Lonnie"]
[Black "Duncan, Robert"]
[Result "1/2-1/2"]
[WhiteElo "1995"]
[BlackElo "1658"]
[Annotator "Rutkofske, Lonnie"]
[PlyCount "128"]
[EventDate "1992.02.20"]
[EventRounds "4"]

{Two pivotal games, instrumental in determiniing the outcome of the 1992 PHCC Championships , were both second round match-ups featuring the tournament's four highest rated players. Because of an illness in my family, "Blunder Bob" and I ended up finishing our game after round three, when much of the smoke had cleared from the Fiedler-Goodell melee of February 20th. I was countinig on a strong game from BB. It seems that he has a reputation to defend....the reputation of always giving me fits! In fact, he takes rather demented pride in always being the "fly in my ointment" in each of our club events! In some ways it makes you want to encourage him to go back to Florida, to lie in the sun or chase pretty bikini-clad girls all day....hummm on second thought, maybe I should be the one to go to Florida!!?? Why should he have all the fun? At any rate, when BB arrived at my home, I was determined to play a solid, and aggressive game, hoping to keep him on the defensive, and I did until I "undid" myself on the 38th move! I really had him buffaloed up until then! A quick gander at move 8 should prove my point! I out and out blew the e-pawn... but BB didn't trust me!!?? Can you imagine such a thing? Reputation and rating does count for something after all! It jmust have really shook us both, becasue BB practically hands me the game with 10...,c5??? and 11.dc! wins almost by force...but Naw...not me...I'm too immersed in my own plans to be worried about what the other guy is doing!!! So, " I blows me chances!" and with it, sole possession of the championship!! From Challenge Chess by Lon Rutkofske - Chess Chatter Vol. 19 No. 3 for May-June 1982} 1. Nf3 {I was hoping to mount an early Q-side assault, but Bob ended that quickly. I particularly like the flexibility of this as a first move becasue it allows for a variety of opening options from the Ruy Lopez to the King's Indian Attack.} Nf6 2. g3 b6 {BB's going to challenge my attempts to secure the h1-a8 diagonal, and probably pines to trade off the bishops and weaken my K-side. Generally speaking, such an exchange of like-squared bishops is safe, If Bob intends to deprive me of this prized diagonal , a better plan would me to develop a pawn wedge with c6 and d5, so White's KB "bites on granite" early in the game and then proceed with a K-side assault.} 3. Bg2 Bb7 4. c4 {The double fianchetto has a radically hypermodern flavor, but now I really suspect that BB wants to see what I am up to before he commits to his own plan. This appears to be more of a "Modern Defense" which patiently counts on White to over extend and create counter chances. The text is almost a dead five away that Black's real objective is to secure a draw. More often than not, the rewards of playing for draws are tallied in the lost column.} d6 {Diagram [#] Black appears tentative witih this move. The simple, but developing 4...,Nc6 followed by 5...,e5 stakes a claim on some central turf.} 5. O-O {Clearing the decks for an eventual central push.} g6 6. d4 {Well, if this purist of hypermodernism has a distain for the center, this classicist doesn't!} Bg7 7. Nc3 O-O 8. e4 $2 {Diagram [#] Ouch! A real bone-head move! 8...,Ner 9.Ne4, Be4! leaves no compenstaion for White! I gave Bob of look of confidence here and prayed for a miracle. Later, Bob confided in me that he though about taking the pawn, but feared somehow that I might seize the initiative, but cursory examination reveals that 10. Re1 or Qe1 fail to the simple Bb7 and 10. d5 allows the Bishop to escape via f5 then to d7. Sometimes you can be overcautious. Make your opponent prove his point before you select another move!} Nbd7 9. Re1 e5 $2 {It's difficult to see Bob's reasoning for such a loosening and , obviously losing move. This is such an blantant error that I completely overlooked it....(chess blindness rears its ugly head!)Bob pointed out in our post-mortem that after 11.dc, Bc6 12.Qd6, Bb7 13. Ne5, Ne5 14.Qe5 Black is all but busted with little compensation for his two lost pawns, If 14. ..,Ne4 15.Qf4 leaves Black in shambles! Perhaps athis was a good cure for my tendency to be myopic!)} 10. d5 c5 $2 11. Bd2 {Better than 11.Be3 where 11...., Ng4 gains a tempo!} a6 {This prepares for a Q-side assault while at the same time has the benefit of providing K-side pressure with a possible pin at g5 and eventually stripping the K-side B with Bh6. Right now, the pin is better since Black's Bg7 has no scope . Besides White has a need of this B for his Q-side plans.} 12. Qc1 {Diagram [#]} Ne8 $1 {Black's plan for coutner attack is well- timed here because 13...,f5 and then 14...,Nef6 gives him good prospects while simultaneously slowing down White's Q-side schemes.} 13. Ng5 {Hoping to delay f5 and because of the hole created at e6. If Black drives the N away with h6, the simple Nh3 threatens Black's h pawn and permits White to push to f4.} Bc8 {Increasing the pressure against f5.} 14. Nh3 {Now White hopes to neturalize Black threats, preparing a trust of his own at f4!} f6 {Is Black playing the chicken of the fox? This clearly shows black isn't really sold on his plan and pust the onis of making progress in White's hands. This ceding of a tempo enables White to re-ignite his Q-side threats.} 15. Rb1 Rf7 16. f3 {Now it's my turn to play the fowl, or is it the fool? White intends to get his KN to support the Q-side venture via f2 and d3,} Nf8 17. Nf2 Rb7 {Diagram [#] After 17 moves, all but two of Black's pieces are stationed on the back rank, but his basic aim and playing the clam is sound. His knights hold the K-side while his rooks patrol the a and b files defending against the looming Q-side seige.} 18. Nd3 Bd7 {You can see that the Black pieces are tripping over themselves trying to defend both wings - Patented Nimzovich: first Centralization, then Constriction and Blockade; Overprotection and Alternation; and finally, Breakthrough!} 19. b4 Rab8 20. Qa3 a5 21. bxa5 bxa5 {Ahh! Breakthorugh!} 22. Bf1 $2 Rxb1 $2 23. Rxb1 Rxb1 24. Nxb1 Qb6 25. Qb2 Qa7 26. Qc3 {Diagram [#] Bob has done a superb job of defending here.} a4 27. Qa5 Qxa5 28. Bxa5 f5 29. Nc3 fxe4 30. fxe4 Nf6 31. Bc7 Ne8 32. Bb8 $4 {A horrible move that tosses away all winning chances. I had a bad feeling about this when I made it, but like so many, the higher your rating, the more prone you are to underestimating your opponent. This is clearly the case here. The Bishop belongs back at a5! My miscue here energizes Bob and he seizes the initiative!} Bh6 $1 {A superb move! The reclusive cleric emerges from his solitary life! With the threat of Be3+, the Bishop threatens to settle control the Black squares as my wayward B remains out of play.} 33. Kf2 Bg5 34. Nb5 {Diagram [#] A poor choice, and my frustration begins to manifest itself, as I begin to hurry my moves hear. I thought I could force a pawn through, but Bob's 38th move gives me a the old " wakeup call".} Bxb5 35. cxb5 Nd7 36. Ba7 Bd8 37. Nb2 Bb6 38. Bh3 Nef6 {POW!!! Now Bob's position is ideal. White must exchange because of the threat of 39...c4+ is brutal.} 39. Bxd7 Nxd7 40. Bxb6 Nxb6 {Diagram [#] The position is clearly drawn as wholesale exchanges strip away the possibilities of further piece play. With the pawns locked up, and Black's monarch moving to entrench himself in the center, my only hope was that BB might mishandle things and live up to his inglorious moniker, but no such luck! I am almost certain that Bob had a winning edge in this ending.} 41. a3 Kf7 42. Ke2 Ke7 43. Kd3 Kd7 44. Nd1 g5 45. Ne3 Kc7 46. h4 gxh4 47. gxh4 Nd7 48. Nf5 Nf6 49. Ke3 Nd7 50. Kd3 Nb6 51. Kc3 Nd7 52. Ne3 Kb6 53. Nc4+ Kxb5 54. Nxd6+ Kb6 55. Kc4 Nf6 56. Nf7 Nxe4 57. Nxe5 h5 58. Nd7+ Kc7 59. Nxc5 Nd6+ 60. Kb4 Nf5 61. Kxa4 Kd6 62. Ne4+ Kxd5 63. Nf6+ Kc6 64. Nxh5 Nxh4 1/2-1/2

[Event "2016 PHCC Championships"]
[Site "Port Huron"]
[Date "2016.01.14"]
[Round "1"]
[White "Rutkofske, Lonnie"]
[Black "Heinrich, Chuckie"]
[Result "1-0"]
[WhiteElo "1800"]
[BlackElo "619"]
[Annotator "Lonnie,Rutkofske"]
[PlyCount "61"]
[EventDate "2016.01.14"]
[EventType "tourn"]
[EventRounds "9"]

{600MB, Fritz12.ctg, EMBROIDERYROSE} 1. c4 e5 2. g3 Nf6 3. Bg2 Bc5 4. a3 a5 {A very savvy move here, preventing White from driving away the KB with 5.b4.} 5. Nc3 O-O 6. e3 Nc6 7. Nge2 d6 8. O-O Be6 {Diagram  Many time, mover order is essential, and better was probably 8...Bg4 first and if 9.h3, Be6 10.b3, Qc8 puts pressue on h3.} 9. Nd5 {I really wanted to get rid of the Black's irritating QB and thought this might be a good choice do force the issue, and mix things up giving Chuck an opportunity to err.} Nd7 {This move took me by surprise. A better choice was probably the more traditional 9...,Ne8 leaving space at d7 for the QB while still permitting the f5 push that Black wanted.} 10. d4 Ba7 11. b3 $2 {This move was unnecessary...the simple 11.Nc7 saves a tempo and prevents the immediate f5 at bay. I think this surprised chuck as well, but I was determined to try to eliminate as many pieces as possible, and this would have forced Black to play B:d5, thus giving me the two bishop advantage and keeping his knights on the back three ranks.} f5 $1 {Another good move! Illustrating how one tempo can change the complexion of the game!} 12. Nxc7 Qxc7 13. d5 Bf7 $1 {Another good choice. Thusfar, Chuck has played a very solid game, although his KN is awkwardly placed.} 14. dxc6 bxc6 15. Bd2 {I was at odds of which piece to move here. I liked having my N ready to jump into holes at f4 and d4 in case Black pushed e4, I chose d2 instead of the natural Bb2, because I wanted to be able to defend b3 with Rb1 and eventually place my B at c3 hitting the a5 pawn.} d5 {Diagram  Premature. Black enjoys a stong pawn center and his pieces are better placed. Probably 15...,Rad8 followed up with Nf6.} 16. Qc2 dxc4 $2 {Had the QR moved to d8, this makes more sense because not only does it seize and open file, but it prevents threats along the h1-a8 diagonal.} 17. bxc4 Bh5 $5 {Diagram  A questionable move here That all but dooms Chuck's game. Why take the B away from a powerful square where it can put real pressure on White's weak c-pawn. A superior plan would be 17...Bc5!!! followed by Nb6 with huge Q-side threats while White's pieces are in disarray. From this point forward, the QB is completely useless.} 18. Rfe1 Rab8 19. Nc1 e4 20. Nb3 {Now white gets some welcome counterplay.} Bb6 21. c5 Ba7 {Had the QR remained on a8, this whole line would be refuted by...18...,Bc5 19.Nc1, e4 20.Nb3, Bf7 21.Ba5, Ra5 22.Na5, Qa5 with a winning position.} 22. Bxa5 Qe5 $1 {Diagram  As you can see, had Black's QB remained on F7! He would have a smashing position!} 23. Bb4 g5 $5 {Much too soon and a very loosening move, compromising the Black K which will later become fatal. Agan, the QB belongs on f7!!!} 24. Rac1 Qf6 25. Nd4 Ne5 26. Bf1 {Despite his KB being out of play, Black has some very real threats and White must be careful. I thought a very long time on this sequence and felt I had to prevent Nd3 at all costs. Interesting is the fact that had the QB remained at f7, the move Qh6 looks devastating!} Rb7 27. Rb1 Rg7 {A really bad plan...and there is little time to waste with all of this rook maneuvering!} 28. Bc4+ {I had to do something to get rid of the e5 Knight, but the simple retreat, 28...Bf7 would have been best, and both sides get rid of their bad bishops. Additionally, I wanted to trade down as many pieces as possible to create endgame chances with my extra pawn.} Nxc4 $4 {This was a huge error....permitting the exchange of the well-placed N, for my bad bishop.} 29. Qxc4+ (29. Qxc4+) 29... Rff7 {Moving the King away or interposing the QB was the only correct move!} 30. Bc3 Qh6 $4 31. Nxf5 {Diagram } 1-0

[Event "2016 PHCC Championships"]
[Site "Port Huron"]
[Date "2016.01.14"]
[Round "1"]
[White "Bedy, Noel"]
[Black "West, Tony"]
[Result "1-0"]
[WhiteElo "1421"]
[BlackElo "1934"]
[Annotator "Gregg,Alan"]
[PlyCount "53"]
[EventDate "2016.01.14"]
[EventType "tourn"]
[EventRounds "9"]

{This game was a surprise, and will possible win the prize for the biggest upset. Noel's USCF rating is 1421 and Tony's was 1934. A 500+ difference should have been an easy win for the higher rated, but Noel difficult to play when he is on his game as evidenced by this game, it was his day! I was unable to beat him last year, only drawing him. His greatest shortcoming appears to be inconsistency.} 1. d4 f5 2. Bf4 Nf6 3. e3 e6 4. Nf3 Nc6 5. Bd3 d6 6. O-O Qe7 7. Bb5 Bd7 8. Nc3 h6 9. d5 exd5 10. Nxd5 Nxd5 11. Qxd5 g5 12. Bg3 {Diagram   The game is now equal} O-O-O (12... Bg7 {Better}) 13. Nd4 (13. Bxc6 Bxc6 14. Qxf5+ Kb8 15. Nd4 Bd7 16. Qd3) 13... Nxd4 14. Bxd7+ Qxd7 15. Qxd4 Bg7 16. Qxa7 Qc6 17. f3 (17. c3) 17... h5 18. Bf2 h4 19. Qa3 h3 20. Bg3 {Diagram  Tony is now winning, but fails to find the best move.} Qxc2 (20... hxg2 21. Rf2 Kb8) 21. Rf2 {Diagram  White is back in charge!} Qc6 22. Qd3 Rdf8 (22... f4 23. exf4 Qc5 24. fxg5 Bxb2 (24... Bd4 25. f4) 25. Rd1) 23. Rc2 Qd7 24. Bxd6 Rd8 25. Rxc7+ Qxc7 26. Qxf5+ Qd7 (26... Kb8 27. Bxc7+ Kxc7 28. Qf7+ Rd7 29. Rc1+ Kd8 30. Qg6) 27. Rc1+ {Diagram  A very nice combination!} 1-0

[Event "2016 PHCC Championships"]
[Site "Port Huron"]
[Date "2016.01.14"]
[Round "1"]
[White "Wingrove, William"]
[Black "Morabito, Matthew"]
[Result "1/2-1/2"]
[WhiteElo "1606"]
[BlackElo "1859"]
[Annotator "Gregg,Alan"]
[PlyCount "109"]
[EventDate "2016.01.14"]
[EventType "tourn"]
[EventRounds "9"]

1. e4 c5 2. c3 g6 3. d4 cxd4 4. cxd4 Bg7 5. Nf3 d6 6. Nc3 a6 7. Be3 Nf6 8. h3 O-O 9. Be2 b5 10. a3 Bb7 11. d5 Nbd7 12. Rc1 Rc8 13. O-O Nc5 14. Bd3 Nfd7 15. Bb1 a5 16. b4 axb4 17. axb4 Na6 18. Nxb5 (18. Qb3 {...is better, keeping White in charge.}) 18... Nxb4 19. Qb3 {Diagram  19.Qa4!} Qa5 20. Nbd4 Nc5 21. Qd1 Ba6 22. Re1 Ncd3 23. Rxc8 Rxc8 24. Bxd3 Nxd3 25. Re2 Nc5 26. Rc2 Nxe4 27. Rxc8+ Bxc8 28. Nc6 (28. Qc2 Nc5 29. Nc6 Qa1+ 30. Kh2 Bf8 31. Bxc5 dxc5 32. Qxc5 Qf6 33. Nxe7+ Qxe7 34. Qxc8 Qd6+ 35. g3 Qxd5 36. Kg2) 28... Qc7 29. Qa4 Nc3 30. Qc4 Bb7 31. Nfd4 Nxd5 32. Qxd5 Bxd4 (32... e5 {Winning!}) 33. Nxe7+ Qxe7 34. Qxd4 Qe4 {White has a centralized Q, and some nasty threats on the black squares with Bd2 and eventually Bc3, so Black decides to see if his opponent is paying attention to the cheap shot against g2! [LWR]} 35. Qxe4 Bxe4 36. f3 Bc6 37. Kf2 f6 38. g3 Kf7 39. f4 Ke6 40. Ke2 Kd5 41. Bb6 Ke4 42. Kf2 d5 43. Ba5 Bd7 44. h4 Bg4 45. Bb4 d4 46. Bc5 Kd3 47. Ba7 Kc4 48. Bb6 Kd3 49. Ba7 Ke4 50. Bb6 Kd3 51. Ba7 Kc3 52. Ke1 d3 53. Be3 f5 54. Bd2+ Kd4 55. Kf2 1/2-1/2